| 000 | 00598nam a22002057a 4500 | ||
|---|---|---|---|
| 999 |
_c17807 _d17807 |
||
| 003 | AR-CdUCM | ||
| 008 | 190509b ||||| |||| 00| 0 spa d | ||
| 040 |
_aMUNICIPALIDAD PROVINCIAL DEL CUSCO _cBIBLIOTECA MUNICIPAL DEL CUSCO |
||
| 082 |
_a869.624 / _bI15 |
||
| 100 |
_aIcaza, Jorge _9485 |
||
| 245 | _aMedia vida deslumbrados (novela) / | ||
| 260 |
_aQuito : _c1942. |
||
| 300 |
_a237 paginas ; _c19 cm. |
||
| 505 | _aContenido :Novela / | ||
| 650 |
_aLiteratura ecuatoriana _911889 |
||
| 650 |
_aNovelas _9218 |
||
| 650 |
_aSiglo XX _98 |
||
| 942 |
_2ddc _cLIBROS |
||
| 945 |
_arjall _d2019-05-09 |
||